Logiczna eliminacja: liczby - Statystyki

Ogólne statystyki
  • Ten quiz został rozwiązany 120 razy
  • Średni wynik to 8 z 15
Statystyki odpowiedzi
Hint Explanation Odpowiedź % Poprawnych
Jestem rozwiązaniem równania x - 2 = 9 11 11
95%
Jestem liczbą atomową wodoru 1 1
80%
Nazywają mnie czasami tuzinem 12 12
78%
Jestem 4² - 3² - 2² - 1² 2 2
68%
Obróć mnie o 180°, a stanę się inną liczbą 6, 9 9
62%
Jestem podzielna przez 6 6, 12 6
58%
Jestem dzielnikiem liczby 14 1, 2, 7, 14 7
58%
Jestem pojedynczym znakiem w zapisie rzymskim 1, 5, 10 (I, V, X) 5
55%
Wystarczy wymienić jedną literę w mojej nazwie na inną, aby powstała nazwa innej liczby 9, 10 10
48%
Moja nazwa składa się z pięciu liter 1, 6, 8 8
46%
W tym quizie pojawia się także wynik podniesienia mnie do kwadratu 1, 2, 3 3
45%
Jestem liczbą pierwszą 2, 3, 5, 7, 11, 13 13
40%
Jestem liczbą nieparzystą 1, 3, 5, 7, 9, 11, 13, 15 15
40%
Jestem sumą czterech następujących po sobie liczb 2, 6, 10, 14 14
31%
Pozostałam tylko ja 4 4
25%
Nie znaleziono quizów pasujących do podanych kryteriów
Rozkład punktacji
Procent ludzi z każdym wynikiem
Percentyl według liczby udzielonych odpowiedzi
Twoja historia wyników
Nie rozwiązałeś tego quizu